El clan del oso cavernario / (Registro nro. 2734)

Detalles MARC
000 -LEADER
fixed length control field 01232nam a2200205 a 4500
008 - CAMPO DE CONTROL (LIBRO)
fixed length control field 180515e2011 mx ||||| |||| 00| 1 spa d
020 ## - INTERNATIONAL STANDARD BOOK NUMBER
ISBN 9786074004342
041 ## - CODIGO DE IDIOMA
Código de idioma del texto/pista de sonido o título separado spa
092 ## - SIGNATURA TOPOGRAFICA DEWEY LOCAL
número de clasificación 808
libristica 5
sección AUL
100 1# - ENTRADA PRINCIPAL--NOMBRE PERSONAL
Nombre personal Auel, Jean M.
9 (RLIN) 3919
245 #3 - TITULO PROPIAMENTE DICHO
Título El clan del oso cavernario /
Mención de responsabilidad y remanente de la transcripción de la portada Jean M. Auel
250 ## - MENCION DE EDICION
Mención de edición 1a ed.
Mención de responsabilidad relacionada con la ed. Traducción revisada y actualizada en 2010, Leonor Tejada Conde Pelayo
260 ## - PIE DE IMPRENTA
Lugar de publicación, distribución, etc México:
Nombre de la editorial, distribuidor, etc Océano;
Fecha de publicación 2011.
300 ## - DESCRIPCION FISICA
Extension 559 p.
500 ## - NOTA GENERAL
Nota general Auel, J. (2011). El clan del oso cavernario. (1a ed.). México : Océano.
505 ## - NOTA DE CONTENIDO
Nota de contenido formateada Tras sobrevivir a una catástrofe que acaba con los miembros de su familia, Ayla, una niña cromañon de cinco años, se encuentra sola en un mundo salvaje donde el peligro acecha a cada paso. Cuando está a punto de morir, la pequeña es adoptada por el clan, un grupo de neadertales que le ayudan a sobrevivir y comparten con ella sus conocimientos, habilidades y creencias. Muy pronto, Ayla demuestra una inteligencia sobresaliente que la llevará a cuestionar las tradiciones del grupo y a emprender una fascinante aventura en busca de su propia identidad.
590 ## - NOTAS LOCALES (RLIN)
Nota local DONACION DR. Andres Gallardo Mayo 2018<br/><br/><br/><br/><br/><br/>
655 ## - MATERIA - GENERO/FORMA
Género/Forma Literatura
-- 2917
942 ## - ADDED ENTRY ELEMENTS (KOHA)
Source of classification or shelving scheme Dewey Decimal Classification
Item type LITERATURA
Existencias
Estado de retiro Existencia Fuente de clasificación Estado general No para prestamo Ubicación permanente ubicación actual Sala de ubicación Fecha de adquisición Fuente de adquisición Total Checkouts Total Renewals Número de clasificación Código de barras Date last seen Date last borrowed Número de ejemplar Price effective from Koha tipo de elemento (item) Public note
    Dewey Decimal Classification     Biblioteca Medicina Biblioteca Medicina Circulación 15/05/2018 Donacion 2 1 808 5 AUE 4249 10/03/2020 20/12/2019 Ej. 1 15/05/2018 LITERATURA DONACION DR. Andres Gallardo Mayo 2018

UNIVERSIDAD NACIONAL DEL COMAHUE
Biblioteca de la Facultad de Ciencias Médicas
Sede Toschi: Los Arrayanes y Av. Toschi, Cipolletti  - Rio Negro
Sede Los Tordos:  Yrigoyen al 2211, Cipolletti - Rio Negro 

Teléfono: 0299 - 4774707 int 25
Contacto: biblioteca@facimed.uncoma.edu.ar
© 2011 - 2026